000 00513nam a2200169 i 4500
001 30390
003 ES-MaACL
005 20230906154203.0
007 t|
008 030124s1967 sp ||||1| spa d
100 1 _aBelk, J. A.
_927171
245 1 0 _aTécnica del vacío en metalurgia /
_cpor J. A. Belk ; traducido por Tomás Reyero Martínez.
260 _aBilbao :
_bUrmo,
_c[1967]
300 _a207 p. :
_bil. ;
_c25 cm.
700 1 _aReyero Martínez, Tomás.
_996551
852 _aES-MaACL
_jC-32971
_bR.63322
999 _c30390
_d30390